Представление документа в формате RUSMARC

ПолеНазваниеЗначение
  Тип записи c
  Библиографический уровень m
001 Контрольный номер RU/УОНБ/EK_N/322858470
005 Дата корректировки 20250520122224.2
010 Индекс ISBN __
9 Тираж 600 экз.
013 Номер (ISMN) __
d Цена 3 р.
071 Издательские номер (звукозапись и ноты) 21
a Номер, присвоенный агентством 14557
100 Данные общей обработки __
a Данные общей обработки 20190919d1991 u y0rusy0103||||ca
101 Язык документа 0_
a Язык текста rus
a Язык текста eng
f Язык титульного листа rus
f Язык титульного листа eng
102 Страна публикации __
a Страна публикации RU
125 Кодированные данные звукозаписи и нотных изданий __
a Форма изложения нотного текста с|
128 Кодированные данные (звукозаписи-физические характеристики) __
a Кодированные данные: Музыкальная форма и тональность или лад zz
c Инструменты или голоса, рекомендуемые для солистов (устаревшее) ka||
200 Заглавие и сведения об ответственности 1_
a Заглавие Избранные сочинения
b Общее обозначение материала Ноты
d Параллельное заглавие Selected Works
e Сведения, относящиеся к заглавию для фп.
f Первые сведения об ответственности А. Мосолов
g Последующие сведения об ответственности сост. и авт. предисл. Ю. Н. Холопов
z Язык параллельного заглавия eng
210 Выходные данные 1_
a Место издания Москва
c Издательство Музыка
d Дата издания 1991
215 Физическое описание __
a Объем 87 с.
d Формат 29 см
300 Общие примечания __
a Общие примечания Парал. рус., англ. яз.
327 Примечание о содержании 11
a Примечание о содержании Содерж. : Первая соната : ор. 3. - Четвёртая соната : ор. 11. - Пятая соната : ор. 12. - Три пьески : ор. 23/а. - Два танца : ор. 23/b. - Туркменские ночи.
464 Аналитический уровень _0
1 2001
a Первая соната
e ор. 3
464 Аналитический уровень _0
1 2001
a Четвёртая соната
e ор. 11
464 Аналитический уровень _0
1 2001
a Пятая соната
e ор. 12
464 Аналитический уровень _0
1 2001
a Три пьески
e ор. 23/а
464 Аналитический уровень _0
1 2001
a Два танца
e ор. 23/b
464 Аналитический уровень _0
1 2001
a Туркменские ночи
512 Заглавие обложки 1_
a Заглавие обложки Избранные сочинения
600 Персоналии _1
a Персоналии (Фамилия) Мосолов, Александр Васильевич
606 Тематические рубрики 0_
a Основная рубрика Фортепианная музыка советская
x Основная подрубрика Сочинения
610 Ключевые слова 0_
a Ключевые слова фортепиано
610 Ключевые слова 0_
a Ключевые слова сочинения
610 Ключевые слова 0_
a Ключевые слова Мосолов А. В.
686 Индексы других классификаций __
a Классификационный индекс 85.954.2я44
2 Код системы rubbk
700 Автор _1
a Фамилия Мосолов
b Имя (инициалы) А. В.
g Полное личное имя Александр Васильевич
702 Вторичная интеллектуальная ответственность _1
a Фамилия Холопов
b Имя (инициалы) Ю. Н.
4 Код отношения 080
4 Код отношения 220
801 Источник записи _0
a Страна RU
b Организация Ульяновская ОНБ
c Дата составления 20190919
g Правила каталогизации RCR
801 Источник записи _1
a Страна RU
b Организация Ульяновская ОНБ
c Дата составления 20190919
901 Тип документа __
t Тип документа m
909 Создатель записи __
a Создатель записи Лобина Л. И.
938 Служебная информация __
a Имя БД noti
b Имя библиотеки УОНБ
c Имя АИБС МАРК-SQL
d Номер DOC_ID в БД 192